Top 5 All-Time Goal Scorers by Nation (Active Players) - Statistics

General Stats
  • This quiz has been taken 50 times
  • The average score is 14 of 35
Answer Stats
Player Goals % Correct
86 Lionel Messi
100%
74 Neymar Jr.
98%
66 Luis Suarez
95%
24 James Rodriguez
89%
54 Edinson Cavani
86%
48 Alexis Sanchez
80%
24 Angel Di Maria
75%
31 Arturo Vidal
70%
11 Cristian Rodriguez
66%
19 Gabriel Jesus
66%
20 Lautaro Martinez
66%
31 Gonzalo Higuain
61%
32 Radamel Falcao
61%
17 Roberto Firmino
57%
20 Philippe Coutinho
52%
10 Juan Cuadrado
39%
40 Eduardo Vargas
34%
18 Fred
32%
23 Jefferson Farfan
32%
10 Abel Hernandez
18%
31 Roque Santa Cruz
18%
15 Carlos Bacca
14%
14 Matias Fernandez
14%
11 Andre Carrillo
9%
6 Ever Banega
9%
10 Lucas Barrios
9%
13 Cristian Riveros
7%
11 Oscar Cardozo
7%
15 Christian Cueva
5%
37 Paolo Guererro
5%
15 Teofilo Gutierrez
5%
8 Angel Romero
2%
11 Carlos Bueno
0%
15 Edison Flores
0%
21 Humberto Suazo
0%
No matching quizzes found
Score Distribution
Percent of People with Each Score
Percentile by Number Answered
Your Score History
You have not taken this quiz